US Major Constitutional Clauses - Statistics

General Stats
  • This quiz has been taken 38 times
  • The average score is 6 of 13
Answer Stats
Description Clause % Correct
The power to regulate commerce with foreign nations, among states, and with the Indian tribes. Commerce Clause
92%
The Constitution and federal laws take priority over any conflicting rules of state law. Supremacy Clause
79%
Prohibits the government from "establishing" a religion. Establishment Clause
71%
Authorizes Congress to employ any means that are appropriate and plainly adapted to the permitted end. Necessary and Proper Clause
63%
The governing body state must treat an individual in the same manner as others in similar conditions and circumstances. Equal Protection Clause
58%
Allows all people to practice their religion. Free Exercise Clause
42%
The state courts respect the laws and judgments of courts from other states. Full Faith and Credit Clause
38%
The person accused of committing a crime can enjoy the right to be confronted with the witness presenting against them. Confrontation Clause
33%
The President shall be Commander in Chief of the Army and Navy of the United States, and of the Militia of the several States, when called into the actual Service of the United States. Commander-In-Chief Clause
29%
Private property cannot be taken for public use, without just compensation. Takings Clause
29%
Guarantees that citizens have equal rights across state lines, ensuring they receive the same legal protections. Privileges and Immunities Clause
25%
Authorizes Congress to provide for the common defense and common good of the country. General Welfare Clause
21%
No person shall be held to answer for a capital, or otherwise infamous crime, unless on a presentment or indictment of a Grand Jury. Grand Juries Clause
17%
No matching quizzes found
Score Distribution
Percent of People with Each Score
Percentile by Number Answered
Your Score History
You have not taken this quiz